000 00691nam a22002297a 4500
999 _c10350
_d10350
003 AR-CdUCM
008 190401b ||||| |||| 00| 0 spa d
040 _aMUNICIPALIDAD PROVINCIAL DEL CUSCO
_cBIBLIOTECA MUNICIPAL DEL CUSCO
082 _a869.4 /
_bG965X
100 _aGüiraldes, Ricardo
_912011
245 _aXaimaca /
260 _aBuenos Aires :
_bLosada,
_c1944.
300 _a135 páginas ;
_c18 cm.
440 _aBiblioteca conteporanea
_927150
500 _aDonación de la familia Nieto.
505 _aContenido: Novela.
650 _aNovela Argentina
_99108
650 _aSiglo XX
_98
650 _aLiteratura Latinoamericana
_9799
942 _2ddc
_cLIBROS
945 _acmm